| 000 | 00961nam a2200265 a 4500 | ||
|---|---|---|---|
| 003 | CBULib | ||
| 005 | 20240812145254.0 | ||
| 008 | 170425s2016 ||||||||||||||||| || u | ||
| 020 | _a9789211129038 | ||
| 040 |
_aCBULib _bEnglish _cCBULib _erda |
||
| 041 | _aeng | ||
| 050 | _aUNCTAD(058)TDR/2016 | ||
| 110 | _aUnited Nations Conference on Trade and Development (UNCTAD) | ||
| 245 | 1 | 0 |
_aTrade and development report, 2016 : structural transformation for inclusive and sustained growth _c/ by United Nations Conference on Trade and Development (UNCTAD) |
| 260 |
_aNew York : _bUnited Nations, _c2016 |
||
| 300 | _axv, 215pages : illustrations | ||
| 336 |
_2rdacontent _aText | _btxt |
||
| 337 |
_2rdamedia _aUnmediated | _bn |
||
| 338 |
_2rdacarrier _aVolume _bnc |
||
| 500 | _aIncludes Bibiography | ||
| 650 | _aGLOBALISATION FOR DEVELOPMENT--RESEARCH | ||
| 650 | 0 | _aDEVELOPING COUNTRIES --ECONOMIC CONDITIONS | |
| 650 | 0 | _aCOMMERCE | |
| 942 |
_2mc _c029 |
||
| 999 |
_c81377 _d81377 |
||